| 000 | 00611cam a2200241 4500 | ||
|---|---|---|---|
| 001 | J84826 | ||
| 008 | 090401t1991 xxu||||| |||| 00| 0 eng d | ||
| 035 | _a(Sirsi) u79237 | ||
| 041 | _aeng | ||
| 050 | _a693.1 | ||
| 110 |
_aStone Federation Great Britain _93498 |
||
| 245 | _aNatural stone glossary. | ||
| 260 |
_aLondon _bStone Federation _c1991 |
||
| 300 | _a132p. : ill. ; 30cm. | ||
| 350 | _a15 | ||
| 650 | _aBUILDING STONE | ||
| 650 | _aDICTIONARIES | ||
| 650 | _aGLOSSARIES | ||
| 650 | _aNATURAL STONE | ||
| 690 | _aBUILT ENVIRONMENT-BUILDING MATERIALS | ||
| 942 | _n0 | ||
| 948 | _c25/06/1997 | ||
| 999 |
_c96509 _d96509 |
||